Music Quiz

Random Music Quiz

How to spell U2 Quiz Stats

 Plays Quiz not verified by Sporcle

Score 0/15 Timer 05:00
0 Plays Today
spelling % Correct
U2
90.2%
you to
88.9%
you too
86.9%
U to
85.3%
U too
83.8%
You Two
80.7%
you 2
76.8%
U two
74.5%
spelling % Correct
Ewe to
35.1%
Ewe too
34.5%
Ewe 2
30.7%
Ewe Two
28.1%
6.7%
6.7%
3.6%

You're not logged in!

Compare scores with friends on all Sporcle quizzes.
OR
Log In

Show Comments

Extras

Created Nov 4, 2010ReportNominate
Tags:spelling

Top Quizzes Today


Score Distribution

Your Account Isn't Verified!

In order to create a playlist on Sporcle, you need to verify the email address you used during registration. Go to your Sporcle Settings to finish the process.

Report this User

Report this user for behavior that violates our Community Guidelines.

Details: